[Event "EU-ch 15th"]
[Site "Yerevan"]
[Date "2014.03.08"]
[Round "6"]
[White "Dubov, Daniil"]
[Black "Jobava, Baadur"]
[Result "0-1"]
[WhiteElo "2618"]
[BlackElo "2716"]
[Annotator "Ftacnik,L"]
[PlyCount "86"]
[EventDate "2014.03.03"]
[EventType "swiss"]
[EventRounds "11"]
[EventCountry "ARM"]
[SourceTitle "CBM 160"]
[Source "ChessBase"]
[SourceDate "2014.05.15"]
[SourceVersion "1"]
[SourceVersionDate "2014.05.15"]
[SourceQuality "1"]

1. d4 Nf6 2. c4 c5 3. d5 e6 4. Nc3 exd5 5. cxd5 d6 6. Nf3 g6 7. h3 Bg7 8. e4
O-O 9. Bd3 Na6 {Those players brave enough to use the Benoni Defence must be
prepared for the very unpleasant system connected with the moves h3 and Bd3.
Jobava is playing confidently enough and his choice seems to be quite
promising.} (9... b5) 10. O-O Nc7 11. a4 a6 12. Bf4 Rb8 13. a5 b5 14. axb6 Rxb6
15. Ra2 {There were times when players tended to believe the premise that
freeing the position with a swap of White's a-pawn for the black b-pawn may
prove to be insufficiently effective. Despite the superstitions, the pressure
along the b-file turns out to be quite a burden for White's ambitions.} (15.
Qd2 Bd7 16. Rfe1 Qb8 17. Rab1 Qb7 18. Bc4 Bb5 19. Ba2 Rd8 20. b4 cxb4 21. Rxb4
$16 {1/2 (64) Schlosser,P (2465)-Geveke,M (2320) Germany 1991}) 15... Nb5 $146
{The novelty on Black's part may not solve all the problems, but it succeeds
in limiting the options of the white knight on c3.} (15... Bd7 16. Nd2 Bb5 17.
Nc4 Bxc4 18. Bxc4 Nd7 (18... Re8 19. Qd3 Nb5 20. Re1 Nh5 21. Bd2 Be5 22. Nxb5
axb5 23. Bxb5 $16 {1-0 (39) Emodi,B (2280)-Kubacsny,L (2335) Hungary 1995}) 19.
Qe2 Qf6 20. Bc1 Ra8 21. f4 Qd8 22. e5 dxe5 23. Ne4 $14 {1-0 (37) Shapiro,D 
(2315)-Gurevich,D (2470) USA 1990}) (15... Rb4 16. Bh2 Nb5 17. Nd2 Ne8 18. Qc1
Qf6 19. e5 dxe5 20. Nde4 Qe7 21. Nxb5 axb5 22. Qxc5 Qxc5 23. Nxc5 $11 {1/2 (37)
Galojan,L (2163)-Sikorova,O (2298) Varna 2002}) 16. Ne2 Re8 17. Nd2 Rb8 18. Bh2
h5 {The adavnce of the h-pawn seems innocuous, but from the longer term
perspective it seriously weakens the kingside.} ({An objectively stronger
solution should have been the natural queen move} 18... Qe7 $142 19. Re1 Nd7
$11) 19. Kh1 (19. Nc3 $5 Bf8 20. Re1 $14) 19... h4 20. f4 {Building White's
pawn centre opens up the new possibilities in the attack. The defender has to
be clever in twisting his pieces in order to preapre for the various potential
forms of activity available to his opponent.} (20. Bf4 Nh5 21. Be3 Nd4 22. Bxd4
cxd4 23. Nf3 Rb4 $11) 20... Nc7 21. Nc3 Rb4 22. Qf3 (22. Nc4 Rxc4 23. Bxc4 Nxe4
24. Nxe4 Rxe4 25. b3 Qe7 $44) 22... Nb5 23. Bxb5 axb5 24. e5 {The central
breakthrough in Benoni structures tends to represent the critical point in the
game. Fortunately Jobava is prepared for the attack thanks to his active
pieces.} (24. b3 Nd7 25. f5 g5 $11) 24... Nh5 25. Nde4 (25. exd6 $6 Bf5 26.
Rfa1 Qxd6 $15) 25... dxe5 26. fxe5 Bf5 27. d6 {The tension in the position
culminates and the choice of the continuation in the complicated position was
anything but easy for Dubov. A very attractive option was the move of the
knight to the d6-square, but with the help of exact defence Black could get
out of trouble and maintain equality on the board.} (27. Nd6 Rxe5 28. Ra6 (28.
Bxe5 Bxe5 29. Nxf5 Rf4 30. Qd1 Rxf5 31. Rxf5 Ng3+ 32. Kg1 Nxf5 33. Ne2 c4 $17)
28... Ng3+ (28... Rxb2 29. Bxe5 Bxe5 30. Nxf5) 29. Bxg3 hxg3 30. Qxg3 Qd7 (
30... Rxb2 31. Nxf7 Kxf7 32. Qxg6+ Kg8 33. Rxf5 Rxf5 34. Qxf5 Qf8 35. Qg4 b4
36. Ne2 $16) 31. Kh2 $11) 27... Bxe5 28. Bxe5 Rxe5 29. Ra8 $1 {It would have
been naive to presume, that with the help of the elimination of the queen
White has already decided the game. Black enjoys active pieces and real
counterplay on the queenside.} Qxa8 (29... Bc8 $2 30. Qxf7+ Kh8 31. d7 $18) 30.
Nf6+ Nxf6 31. Qxa8+ Kg7 32. Qa1 Rb3 33. Re1 {White would like to make an
attempt to win the whole point, but he could not appreciate fighting against
the active forces of his adversary. The exchange of the pair of rooks
diminishes the risk of Black's counter attack.} (33. Qc1 b4 34. Na4 Rg3 35.
Nxc5 Bxh3 36. gxh3 Rxh3+ 37. Kg2 Rg3+ 38. Kh1 Rh3+ $11) 33... Rxe1+ 34. Qxe1 b4
(34... Rxb2 35. Qe5 Rd2 36. Qxc5 Bd7 $11) 35. Na4 c4 36. Kh2 (36. Qe5 Rd3 37.
Kh2 Rd1 38. Nb6 c3 39. bxc3 bxc3 40. Qxc3 Rxd6 $11) 36... Rg3 37. Nc5 c3 38.
bxc3 bxc3 39. Qe5 c2 40. d7 $2 {Time pressure might be a legendary enemy of
exact play, but it often enables fascinating combinations or solutions. White
has overstepped the level of risk, but the consequences were not at all easy
to judge.} (40. Qb2 $1 Kg8 41. Qb8+ Kh7 42. Qb2 Kg8 43. Qb8+ $11) 40... c1=Q
41. d8=Q (41. Qxf6+ Kxf6 42. d8=Q+ Kg7 43. Qd4+ f6 44. Ne6+ Kh7 45. Qxh4+ Qh6
46. Qxg3 Bxe6 $19) 41... Qg5 $1 {[%mdl 1024] Remarkably enough White is unable
to save the game, since his king is too weak and the counterplay with two
queens simply way too feeble. At long last Jobava has managed to get into the
position, that can be called his territory. The exception to the rule must
surely have pleased his heart.} 42. Qa8 (42. Qe2 Bxh3 43. Qdd2 Qxc5 $19) (42.
Kh1 Rxh3+ 43. gxh3 Be4+ 44. Qxe4 Nxe4 45. Qd4+ Nf6 46. Qc3 Qf4 $19) 42... Qd2
43. Qc6 (43. Qe7 Rxh3+ 44. Kg1 Qd1+ 45. Kf2 Ng4#) 43... Kh7 $1 (43... Kh7 $1
44. Qexf6 (44. Qcxf6 Qxg2#) (44. Nd3 Be4 45. Qcxe4 Nxe4 46. Qxe4 Rxd3 $19)
44... Rxh3+ 45. Kg1 Qe1#) 0-1

[Event "Olympiad-42"]
[Site "Baku"]
[Date "2016.09.11"]
[Round "9.1"]
[White "Rapport, Richard"]
[Black "Jobava, Baadur"]
[Result "0-1"]
[WhiteElo "2752"]
[BlackElo "2665"]
[Annotator "Pavlovic,M"]
[PlyCount "116"]
[EventDate "2016.09.02"]
[EventType "team-swiss"]
[EventRounds "11"]
[EventCountry "AZE"]
[SourceTitle "CBM 175"]
[Source "ChessBase"]
[SourceDate "2016.11.10"]
[SourceVersion "1"]
[SourceVersionDate "2016.11.10"]
[SourceQuality "1"]
[WhiteTeam "Hungary"]
[BlackTeam "Georgia"]
[WhiteTeamCountry "HUN"]
[BlackTeamCountry "GEO"]

1. e4 d6 2. Nc3 e5 3. f4 $5 {An interesting transposition to the King's Gambit.
} exf4 4. Nf3 Ne7 $5 {A romantic approach to a position is by no means naive I
would say for either side:} (4... g5 5. d4 g4 6. Bxf4 gxf3 7. Qxf3 {with an
interesting game ahead of us. I will give here one interesting example:} Nc6 8.
Bc4 Qh4+ 9. Bg3 Qf6 10. Qxf6 Nxf6 11. O-O Nxd4 12. Rxf6 Be6 13. Bd3 Bg7 14.
Rff1 Nc6 15. Nd5 O-O-O 16. c3 $13 {1 -0 (59) Fedorov,A (2580)-Adams,M (2660)
Pula 1997. with unclear consequences.}) 5. d4 Ng6 {There are not so many games
with this particular position, so it is interesting to see how they will
handle it.} 6. Bd3 (6. h4 h5 7. Bc4 Bg4 8. Qd3 Be7 9. Nd5 Bxf3 10. Qxf3 Bxh4+
11. Kf1 Nc6 12. c3 Qd7 13. Nxf4 Nxf4 14. Bxf4 g5 15. e5 O-O-O 16. exd6 cxd6 $15
{½-½ (59) Martins,R-Lucena,L (2108) Brazil 2010}) 6... Be7 7. O-O Nd7 $6 {
A slightly passive idea.} (7... O-O 8. Nd5 c5 $1 9. Nxf4 Nxf4 10. Bxf4 cxd4 11.
Nxd4 Bf6 12. c3 Nc6 {with decent counterplay.}) 8. Nd5 Ndf8 {What a move! For
me White's game is rather easy at this moment, but Rapport is known to like
complications.} 9. Qe1 $5 (9. Nxf4 Nxf4 10. Bxf4 Ng6 11. Bg3 O-O 12. c3 {
White is slightly better and it is not easy for Black to organise play.}) 9...
Ne6 10. Nxe7 Qxe7 11. h4 O-O (11... h5 12. e5 d5 13. c4 c6 14. cxd5 cxd5 15.
Bxg6 fxg6 16. Bd2 {with compensation.}) 12. h5 Nh8 {Ok I guess there is a
strong argument to opt for such play with White, after all the knight on h8
doesn't look good at all even in the long run.} 13. e5 ({The alternative looks
ok to me:} 13. d5 Nc5 14. Bxf4 h6 15. b4 Nxd3 16. cxd3 f6 17. Qg3 Nf7 18. Rac1
{again with easy play for White.}) 13... d5 14. c4 dxc4 (14... c6 15. cxd5 cxd5
16. Bd2 Qd8 17. g3 fxg3 18. Qxg3 {with nice play for White.}) 15. Bxc4 Rd8 16.
Bxe6 Qxe6 17. Qh4 (17. Bxf4 h6 18. Rc1 c6 19. Qe3 Rd5 20. Nd2 {It is still
much easier to play with White than Black.}) 17... Rd5 18. Bxf4 Qg4 $1 {
Seizing the right moment to exchange queens.} 19. Rac1 (19. Qh2 h6 20. Be3 Be6
21. Rae1 Rad8 22. b3 {White wants Nd2 somehow, still the knight on h8 is out
of the game and with queens on the board that makes the task more difficuilt.})
19... Qxh4 20. Nxh4 c6 21. Be3 Rb5 22. b3 h6 {White is still fine, but the
endgame helps Black at least. Jobava is not facing an immediate attack or
anything similar.} 23. Rc3 Ra5 24. a4 Rd5 25. Nf5 Bxf5 26. Rxf5 Re8 27. g4 Re6
28. Kg2 a6 29. Kg3 g6 {Black is trying to exchange as many pawns as possible
on the kingside.} 30. Rf3 gxh5 31. gxh5 f6 $1 32. Rxf6 Rxf6 33. exf6 Rxh5 {
Now we can say that there is some advantage for the black side and finally the
knight is out.} 34. Kg4 Rd5 35. Bxh6 Rxd4+ 36. Kf3 Kf7 37. Be3 Rd6 38. Bg5 Rd5
39. Kg4 Kg6 40. Bh4 Nf7 41. Kf3 Rh5 42. Bg3 Kxf6 {White simply did not play
well after entering into an endgame and Jobava managed to profit from that.}
43. Re3 Rd5 44. Ke2 Ne5 45. Re4 Nd3 46. Re3 Nc1+ 47. Kf3 Kf5 48. Bb8 Rd4 49.
Rc3 Rd3+ 50. Rxd3 Nxd3 51. Ke3 Nc5 52. Kd4 Nxb3+ 53. Kc4 Nc1 54. a5 Ke4 55. Kc5
Kd3 56. Be5 Nb3+ 57. Kb4 Nd2 58. Kc5 Ne4+ {White resigned and I will give few
more moves to understand why that happened:} (58... Ne4+ 59. Kb6 Kc4 60. Kxb7
Kb5 {and Black will start marching on with the c-pawn, while the a5-pawn is
also lost.}) 0-1

[Event "FRA-chT Top 12"]
[Site "Chartres"]
[Date "2017.05.28"]
[Round "11.1"]
[White "Jobava, Baadur"]
[Black "Wojtaszek, Radoslaw"]
[Result "1-0"]
[WhiteElo "2713"]
[BlackElo "2734"]
[PlyCount "69"]
[EventDate "2017.05.18"]
[EventType "team-tourn"]
[EventRounds "11"]
[EventCountry "FRA"]
[SourceTitle "CBM 178 Extra"]
[Source "ChessBase"]
[SourceDate "2017.06.22"]
[SourceVersion "1"]
[SourceVersionDate "2017.06.22"]
[SourceQuality "1"]
[WhiteTeam "Tremblay en France"]
[BlackTeam "Clichy Echecs"]
[WhiteTeamCountry "FRA"]
[BlackTeamCountry "FRA"]

1. b3 d5 2. Bb2 Bg4 3. f3 Bf5 4. e3 e6 5. Ne2 Nc6 6. Nbc3 h6 7. Ng3 Bh7 8. Bb5
Nge7 9. Nce2 a6 10. Bd3 Bxd3 11. cxd3 h5 12. O-O Qd7 13. f4 h4 14. Nh1 Nf5 15.
Nf2 Be7 16. Rc1 O-O 17. a3 a5 18. g4 hxg3 19. hxg3 f6 20. Kg2 Nh6 21. Rh1 f5
22. Ng1 Bf6 23. Bxf6 Rxf6 24. d4 Qe7 25. Nf3 Qxa3 26. Ne5 Qe7 27. g4 fxg4 28.
Nfxg4 Nxe5 29. Nxf6+ Qxf6 30. dxe5 Qg6+ 31. Kf3 Rf8 32. Qg1 Qe4+ 33. Kf2 Kh7
34. Qg5 Rf7 35. Rcg1 1-0

[Event "FRA-chT Top 12"]
[Site "Brest"]
[Date "2018.06.02"]
[Round "8"]
[White "Jobava, Baadur"]
[Black "Fressinet, Laurent"]
[Result "1-0"]
[WhiteElo "2663"]
[BlackElo "2651"]
[PlyCount "100"]
[EventDate "2018.05.26"]
[EventType "team-tourn"]
[EventRounds "11"]
[EventCountry "FRA"]
[SourceTitle "EXT 2019"]
[Source "ChessBase"]
[SourceDate "2018.10.10"]
[SourceVersion "1"]
[SourceVersionDate "2018.10.10"]
[SourceQuality "1"]
[WhiteTeam "Tremblay en France"]
[BlackTeam "Clichy Echecs 92"]
[WhiteTeamCountry "FRA"]
[BlackTeamCountry "FRA"]
[TimeControl "40/5400+30:1800+30"]

1. e4 {[%emt 0:04:09]} e5 {[%emt 0:01:29]} 2. Nf3 {[%emt 0:12:46]} Nc6 {
[%emt 0:00:07]} 3. Bb5 {[%emt 0:00:13]} a6 {[%emt 0:00:48]} 4. Bxc6 {[%emt 0:
00:07]} dxc6 {[%emt 0:00:06]} 5. O-O {[%emt 0:00:23]} Bd6 {[%emt 0:00:47]} 6.
Na3 {[%emt 0:04:27]} Be6 {[%emt 0:06:16]} 7. d4 {[%emt 0:14:37]} exd4 {[%emt 0:
06:53]} 8. Qxd4 {[%emt 0:07:38]} f6 {[%emt 0:02:08]} 9. Qc3 {[%emt 0:09:13]}
Ne7 {[%emt 0:06:16]} 10. Nc4 {[%emt 0:07:09]} Bxc4 {[%emt 0:04:48]} 11. Qxc4 {
[%emt 0:07:20]} Qd7 {[%emt 0:00:05]} 12. Nd4 $146 {[%emt 0:11:22]} (12. Be3 Ng6
13. Nd4 Ne5 14. Qe2 O-O-O 15. Nf5 Rhe8 16. Rad1 Qf7 17. b3 Bf8 18. Bf4 Ng6 19.
Bg3 Qe6 20. Rxd8+ Rxd8 21. f3 Ne7 22. Ne3 f5 23. Qc4 Qxc4 24. Nxc4 fxe4 25.
fxe4 Ng6 26. h4 Bc5+ 27. Kh2 Rf8 28. Rf3 h5 29. Kh3 b5 30. Nb2 Kd7 31. Rd3+ Ke6
32. Rc3 Bd6 33. Rxc6 Ne5 34. Rxa6 Rf1 35. Bxe5 Kxe5 36. g3 Kxe4 37. Nd3 {
0-1 (37) Ivanchuk,V (2726)-Vidit,S (2715) Riadh 2017}) 12... b5 {[%emt 0:06:50]
} 13. Qb3 {[%emt 0:02:34]} c5 {[%emt 0:09:37]} 14. Ne6 {[%emt 0:00:16]} c4 {
[%emt 0:00:46]} 15. Qh3 {[%emt 0:00:11]} Kf7 {[%emt 0:07:39]} 16. Ng5+ {
[%emt 0:00:04]} Ke8 {[%emt 0:00:04]} 17. Ne6 {[%emt 0:00:02]} Kf7 {[%emt 0:00:
04]} 18. Ng5+ {[%emt 0:00:05]} Ke8 {[%emt 0:00:04]} 19. Qxd7+ {[%emt 0:01:12]}
Kxd7 {[%emt 0:00:59]} 20. Nf7 {[%emt 0:00:03]} Rhe8 {[%emt 0:03:12]} 21. Rd1 {
[%emt 0:01:12]} Kc6 {[%emt 0:03:18]} 22. Be3 {[%emt 0:08:15]} Ng6 {[%emt 0:06:
30]} 23. Nxd6 {[%emt 0:00:04]} cxd6 {[%emt 0:00:03]} 24. a4 {[%emt 0:01:06]}
Ne5 {[%emt 0:02:26]} 25. f3 {[%emt 0:01:40]} g5 {[%emt 0:01:29]} 26. Kf2 {
[%emt 0:00:13]} Reb8 {[%emt 0:04:33]} 27. axb5+ {[%emt 0:02:48]} axb5 {[%emt 0:
01:40]} 28. Ba7 {[%emt 0:00:03]} Rd8 {[%emt 0:01:54]} 29. Ke3 {[%emt 0:01:01]}
Re8 {[%emt 0:03:46]} 30. Bd4 {[%emt 0:02:18]} h5 {[%emt 0:03:01]} 31. Bc3 {
[%emt 0:01:03]} Nd7 {[%emt 0:02:06]} 32. Rxa8 {[%emt 0:01:23]} Rxa8 {[%emt 0:
00:02]} 33. h4 {[%emt 0:00:11]} Ra2 {[%emt 0:06:25]} (33... gxh4 {[%cal Ga8g8]}
34. Kf4 Rg8 $132) 34. g3 {[%emt 0:01:08]} gxh4 {[%emt 0:02:56]} 35. gxh4 {
[%emt 0:00:03]} Ne5 {[%emt 0:00:02]} 36. Rd5 {[%emt 0:00:45]} f5 {[%emt 0:03:
53]} 37. Kf4 {[%emt 0:00:05]} fxe4 {[%emt 0:01:00]} 38. fxe4 {[%emt 0:00:03]}
Ra1 {[%emt 0:01:39]} 39. Kf5 {[%emt 0:01:03]} Nd7 {[%emt 0:01:34]} 40. Bb4 {
[%emt 0:01:08]} Rf1+ {[%emt 0:30:27]} 41. Kg5 {[%emt 0:03:57]} Nc5 {[%emt 0:00:
00]} 42. Bxc5 {[%emt 0:00:51]} dxc5 {[%emt 0:00:00]} 43. Rd2 {[%emt 0:00:02]}
Re1 {[%emt 0:00:00]} 44. Kxh5 {[%emt 0:01:28]} Rxe4 {[%emt 0:00:00]} 45. Kg5 {
[%emt 0:00:03]} c3 {[%emt 0:00:00]} 46. bxc3 {[%emt 0:00:05]} Re3 {[%emt 0:00:
00]} 47. c4 {[%emt 0:00:06]} bxc4 {[%emt 0:00:00]} 48. h5 {[%emt 0:01:14]} Rg3+
{[%emt 0:00:00]} 49. Kh4 {[%emt 0:00:13]} Rg1 {[%emt 0:00:00]} 50. Rh2 {
[%emt 0:00:08]} Kd5 1-0